Tratado del nombre social (Registro nro. 7417)
[ vista simple ]
| 000 -LEADER | |
|---|---|
| fixed length control field | 01377 a2200217 4500 |
| 001 - CONTROL NUMBER | |
| control field | 61813 |
| 005 - DATE AND TIME OF LATEST TRANSACTION | |
| control field | 20260407155909.0 |
| 008 - FIXED-LENGTH DATA ELEMENTS--GENERAL INFORMATION | |
| fixed length control field | 260407a1989 arg spa d |
| 003 - CONTROL NUMBER IDENTIFIER | |
| control field | AR-UNSa-BCEJYS |
| 040 ## - CATALOGING SOURCE | |
| Original cataloging agency | AR-UNSa-BCEJYS |
| Language of cataloging | spa |
| Transcribing agency | AR-UNSa-BCEJYS |
| 080 ## - UNIVERSAL DECIMAL CLASSIFICATION NUMBER | |
| Universal Decimal Classification number | 347.772 |
| Common auxiliary subdivision | Marcas comerciales: registro, control |
| 020 ## - INTERNATIONAL STANDARD BOOK NUMBER | |
| International Standard Book Number | 978-950-569-025-1 |
| 041 ## - LANGUAGE CODE | |
| Language code of text/sound track or separate title | spa |
| 100 1# - MAIN ENTRY--PERSONAL NAME | |
| Personal name | Cornejo Costas, Emilio |
| 245 10 - TITLE STATEMENT | |
| Title | Tratado del nombre social |
| 264 #1 - PRODUCTION, PUBLICATION, DISTRIBUTION, MANUFACTURE, AND COPYRIGHT NOTICE | |
| Place of production, publication, distribution, manufacture | Buenos Aires : |
| Name of producer, publisher, distributor, manufacturer | Abaco |
| Date of production, publication, distribution, manufacture, or copyright notice | 1989 |
| 300 ## - PHYSICAL DESCRIPTION | |
| Extent | 461 p. |
| Dimensions | 23 cm. |
| 505 ## - FORMATTED CONTENTS NOTE | |
| Formatted contents note | 1. Historia del nombre y la marca – 2. Evolución legislativa – 3. Naturaleza jurídica del nombre civil – 4. Naturaleza jurídica del nombre comercial – 5. Naturaleza jurídica del nombre social – 6. El nombre social y otras personas jurídicas. Naturaleza jurídica – 7. El seudónimo – 8. La enseña – 9. Adquisición del nombre – 10. Cese, pérdida y extinción del nombre – 11. Protección del nombre – 12. Conflictos del nombre – 13. La firma – 14. El nombre en las sociedades comerciales – 15. El nombre social en las sociedades cooperativas, sociedades civiles, asociaciones, diversos entes y otros supuestos – 16. Transferencia del nombre – 17. La prescripción – 18. Usurpación del nombre – 19. Competencia – 20. Recurso extraordinario – |
| 590 ## - LOCAL NOTE (RLIN) | |
| Local note | niveau_biblio:m niveau_hierar:0 |
| 942 ## - ADDED ENTRY ELEMENTS (KOHA) | |
| Koha item type | |
| Withdrawn status | Lost status | Damaged status | Not for loan | Home library | Current library | Shelving location | Date acquired | Total checkouts | Full call number | Barcode | Date last seen | Price effective from | Koha item type |
|---|---|---|---|---|---|---|---|---|---|---|---|---|---|
| Biblioteca Prof. Eusebio Cleto del Rey | Biblioteca Prof. Eusebio Cleto del Rey | 07/04/2026 | 347.772 C813 | L53127 | 07/04/2026 | 07/04/2026 | Libro | ||||||
| Biblioteca Prof. Eusebio Cleto del Rey | Biblioteca Prof. Eusebio Cleto del Rey | 07/04/2026 | 347.772 C813 | L45924 | 07/04/2026 | 07/04/2026 | Libro |